000 01125cam a2200301 a 4500
999 _c234734
_d234734
001 15733026
003 Nust
005 20170330102048.0
008 090511s2009 nyu d 000 1 eng
010 _a 2009017472
020 _a9780007260454
040 _aDLC
_cDLC
_dDLC
042 _alcac
050 0 0 _aPZ7.S52823
_bDar 2009
082 0 0 _a823
_bSHA
100 1 _aShan, Darren.
245 1 0 _aDark calling /
_cby Darren Shan.
250 _a1st ed.
260 _aNew York :
_bLittle, Brown,
_c2009.
300 _a222 p. ;
_c22 cm.
490 0 _aDemonata ;
_vbk. 9
520 _aThe Disciples are being manipulated by beings older than time, and only Kernel Fleck knows that something is wrong.
650 1 _aDemonology
_vFiction.
650 1 _aMagic
_vFiction.
650 1 _aWerewolves
_vFiction.
650 1 _aHorror stories.
906 _a7
_bcbc
_corignew
_d1
_eecip
_f20
_gy-gencatlg
942 _2ddc
_cBK